000 00308nam a2200085Ia 4500
008 220120s9999||||xx |||||||||||||| ||und||
100 _aSreejith, Sushma, Pramod and Vinay Kumar
_912723
245 0 _aCharacteristic study on flexible pavement with partial repla
260 _aCoorg Institute of Technology
_bPonnampet
999 _c138323
_d138323